[Event "45th FIDE Chess Olympiad Open"]
[Site "Budapest, Hungary"]
[Date "2024.09.19"]
[Round "8"]
[White "Wong, Zhenyong Jayden"]
[Black "Papaioannou, Ioannis"]
[Result "0-1"]
[Board "75"]
[WhiteFideId "5821975"]
[BlackFideId "4201345"]
[WhiteTitle "FM"]
[BlackTitle "GM"]
[WhiteElo "2397"]
[BlackElo "2615"]
[WhiteTeam "Singapore"]
[BlackTeam "Greece"]
[WhiteClock "0:00:49"]
[BlackClock "0:38:28"]
[Variant "Standard"]

1. d4 {[%clk 1:30:54]}  Nf6 {[%clk 1:30:49]} 2. c4 {[%clk 1:31:20]}  e6 {[%clk 1:31:13]} 3. Nf3 {[%clk 1:31:31]}  Bb4+ {[%clk 1:30:54]} 4. Nbd2 {[%clk 1:31:19]}  d5 {[%clk 1:31:00]} 5. Qa4+ {[%clk 1:31:02]}  Nc6 {[%clk 1:31:24]} 6. a3 {[%clk 1:30:40]}  Be7 {[%clk 1:31:08]} 7. e3 {[%clk 1:26:10]}  a5 {[%clk 1:30:18]} 8. Ne5 {[%clk 1:18:52]}  Bd7 {[%clk 1:27:15]} 9. Nxd7 {[%clk 1:19:00]}  Qxd7 {[%clk 1:27:23]} 10. b4 {[%clk 1:13:08]}  dxc4 {[%clk 1:19:58]} 11. Nxc4 {[%clk 1:07:19]}  b5 {[%clk 1:14:23]} 12. Qxb5 {[%clk 1:06:45]}  axb4 {[%clk 1:14:07]} 13. Ne5 {[%clk 0:49:48]}  Nxe5 {[%clk 1:14:28]} 14. dxe5 {[%clk 0:50:02]}  Nd5 {[%clk 1:10:14]} 15. a4 {[%clk 0:49:14]}  c6 {[%clk 1:06:14]} 16. Qd3 {[%clk 0:45:25]}  b3 {[%clk 1:05:10]} 17. Bd2 {[%clk 0:31:02]}  b2 {[%clk 0:56:37]} 18. Rb1 {[%clk 0:31:01]}  Rxa4 {[%clk 0:56:30]} 19. Qc2 {[%clk 0:28:09]}  Ra3 {[%clk 0:44:44]} 20. Qxb2 {[%clk 0:22:31]}  O-O {[%clk 0:44:32]} 21. Bc4 {[%clk 0:21:38]}  Ra4 {[%clk 0:41:45]} 22. Qc2 {[%clk 0:17:45]}  Rfa8 {[%clk 0:40:30]} 23. O-O {[%clk 0:18:04]}  Nb4 {[%clk 0:35:56]} 24. Qd1 {[%clk 0:12:39]}  c5 {[%clk 0:35:21]} 25. Qe2 {[%clk 0:12:02]}  Qc7 {[%clk 0:35:26]} 26. f4 {[%clk 0:11:47]}  Rd8 {[%clk 0:35:05]} 27. Rfc1 {[%clk 0:10:11]}  Qb7 {[%clk 0:34:32]} 28. Be1 {[%clk 0:06:08]}  Ra3 {[%clk 0:34:00]} 29. Rd1 {[%clk 0:04:23]}  Rxd1 {[%clk 0:33:21]} 30. Rxd1 {[%clk 0:04:47]}  Qe4 {[%clk 0:33:18]} 31. Bf2 {[%clk 0:04:43]}  Rc3 {[%clk 0:32:57]} 32. Bb5 {[%clk 0:05:06]}  c4 {[%clk 0:30:49]} 33. Qf3 {[%clk 0:00:31]}  Qxf3 {[%clk 0:30:08]} 34. gxf3 {[%clk 0:01:00]}  Nd5 {[%clk 0:27:53]} 35. f5 {[%clk 0:00:37]}  Nxe3 {[%clk 0:26:28]} 36. Bxe3 {[%clk 0:00:54]}  Rxe3 {[%clk 0:26:53]} 37. fxe6 {[%clk 0:00:31]}  c3 {[%clk 0:25:43]} 38. Kf2 {[%clk 0:00:34]}  Rxe5 {[%clk 0:24:06]} 39. exf7+ {[%clk 0:00:57]}  Kxf7 {[%clk 0:24:34]} 40. Bd3 {[%clk 0:00:37]}  Rh5 {[%clk 0:21:41]} 41. Rc1 {[%clk 0:27:34]}  Bf6 {[%clk 0:49:58]} 42. Kg3 {[%clk 0:25:54]}  Rg5+ {[%clk 0:49:24]} 43. Kf4 {[%clk 0:23:55]}  h6 {[%clk 0:49:39]} 44. Rc2 {[%clk 0:15:16]}  Ke7 {[%clk 0:48:26]} 45. Ke3 {[%clk 0:14:38]}  Kd6 {[%clk 0:47:39]} 46. f4 {[%clk 0:14:03]}  Rh5 {[%clk 0:47:51]} 47. Ke4 {[%clk 0:13:50]}  Kc5 {[%clk 0:47:49]} 48. Rg2 {[%clk 0:13:29]}  Kb4 {[%clk 0:47:26]} 49. Rf2 {[%clk 0:12:59]}  Ra5 {[%clk 0:46:34]} 50. Bc2 {[%clk 0:11:29]}  Ra2 {[%clk 0:46:34]} 51. Kd3 {[%clk 0:11:40]}  Ra7 {[%clk 0:46:44]} 52. Ke4 {[%clk 0:10:37]}  Re7 {[%clk 0:46:43]} 53. Kd3 {[%clk 0:10:58]}  Rd7+ {[%clk 0:47:05]} 54. Ke4 {[%clk 0:11:20]}  Kc4 {[%clk 0:47:16]} 55. Rg2 {[%clk 0:11:19]}  Re7 {[%clk 0:47:07]} 56. Kf3 {[%clk 0:11:45]}  Re1 {[%clk 0:47:19]} 57. Re2 {[%clk 0:11:52]}  Rf1+ {[%clk 0:47:22]} 58. Rf2 {[%clk 0:11:27]}  Rc1 {[%clk 0:47:41]} 59. Ke4 {[%clk 0:11:28]}  h5 {[%clk 0:47:29]} 60. Re2 {[%clk 0:11:04]}  h4 {[%clk 0:47:20]} 61. Rf2 {[%clk 0:11:06]}  Re1 {[%clk 0:43:10]} 62. Kf3 {[%clk 0:11:28]}  Kd4 {[%clk 0:41:02]} 63. Re2 {[%clk 0:10:28]}  Rf1+ {[%clk 0:41:06]} 64. Rf2 {[%clk 0:09:14]}  Rc1 {[%clk 0:38:32]} 65. Bf5 {[%clk 0:09:24]}  Bd8 {[%clk 0:37:12]} 66. Rg2 {[%clk 0:08:44]}  Rf1+ {[%clk 0:36:30]} 67. Rf2 {[%clk 0:05:46]}  Rxf2+ {[%clk 0:36:35]} 68. Kxf2 {[%clk 0:06:14]}  h3 {[%clk 0:36:58]} 69. Ke2 {[%clk 0:05:39]}  Bc7 {[%clk 0:37:23]} 70. Kf3 {[%clk 0:03:51]}  Kc4 {[%clk 0:37:41]} 71. Kg4 {[%clk 0:00:33]}  Kb3 {[%clk 0:38:03]} 72. Kxh3 {[%clk 0:00:49]}  Bxf4 {[%clk 0:38:28]} 0-1

[Event "45th FIDE Chess Olympiad Open"]
[Site "Budapest, Hungary"]
[Date "2024.09.19"]
[Round "8"]
[White "Kelires, Andreas"]
[Black "Goh, Wei Ming Kevin"]
[Result "1-0"]
[Board "76"]
[WhiteFideId "5900727"]
[BlackFideId "5800706"]
[WhiteTitle "GM"]
[BlackTitle "GM"]
[WhiteElo "2536"]
[BlackElo "2449"]
[WhiteTeam "Greece"]
[BlackTeam "Singapore"]
[WhiteClock "0:04:44"]
[BlackClock "0:01:28"]
[Variant "Standard"]

1. e4 {[%clk 1:30:57]}  c5 {[%clk 1:30:22]} 2. Nf3 {[%clk 1:31:22]}  d6 {[%clk 1:30:10]} 3. d4 {[%clk 1:31:42]}  cxd4 {[%clk 1:30:17]} 4. Nxd4 {[%clk 1:32:08]}  Nf6 {[%clk 1:30:12]} 5. Nc3 {[%clk 1:32:30]}  g6 {[%clk 1:29:43]} 6. Be3 {[%clk 1:32:40]}  Nc6 {[%clk 1:29:48]} 7. f3 {[%clk 1:32:27]}  h5 {[%clk 1:29:25]} 8. Bc4 {[%clk 1:32:01]}  Bd7 {[%clk 1:29:31]} 9. h3 {[%clk 1:29:12]}  a6 {[%clk 1:23:46]} 10. Nxc6 {[%clk 1:24:27]}  Bxc6 {[%clk 1:20:37]} 11. Qd2 {[%clk 1:16:57]}  Bg7 {[%clk 1:16:19]} 12. O-O-O {[%clk 1:15:36]}  b5 {[%clk 1:00:00]} 13. Bd5 {[%clk 1:01:21]}  Qc7 {[%clk 0:55:36]} 14. Kb1 {[%clk 0:56:18]}  Rc8 {[%clk 0:49:06]} 15. Bxc6+ {[%clk 0:50:48]}  Qxc6 {[%clk 0:49:25]} 16. Nd5 {[%clk 0:50:50]}  Nxd5 {[%clk 0:37:14]} 17. exd5 {[%clk 0:51:15]}  Qc4 {[%clk 0:37:34]} 18. Rhe1 {[%clk 0:47:00]}  Bf6 {[%clk 0:28:54]} 19. Bb6 {[%clk 0:42:26]}  Qh4 {[%clk 0:16:52]} 20. Re4 {[%clk 0:27:33]}  Qg5 {[%clk 0:11:45]} 21. Be3 {[%clk 0:24:15]}  Qf5 {[%clk 0:12:03]} 22. Rf4 {[%clk 0:22:04]}  Qd7 {[%clk 0:10:00]} 23. Bd4 {[%clk 0:21:07]}  Bxd4 {[%clk 0:05:42]} 24. Rxd4 {[%clk 0:21:20]}  h4 {[%clk 0:03:56]} 25. Qe1 {[%clk 0:19:01]}  Qf5 {[%clk 0:03:26]} 26. Re4 {[%clk 0:18:31]}  Kf8 {[%clk 0:03:06]} 27. Rd3 {[%clk 0:13:50]}  Qg5 {[%clk 0:02:50]} 28. Rg4 {[%clk 0:12:59]}  Qf6 {[%clk 0:02:31]} 29. Rdd4 {[%clk 0:12:17]}  Rc5 {[%clk 0:02:34]} 30. b4 {[%clk 0:07:14]}  Rc4 {[%clk 0:03:02]} 31. Rxc4 {[%clk 0:07:29]}  bxc4 {[%clk 0:03:31]} 32. Rxc4 {[%clk 0:06:32]}  Rh5 {[%clk 0:04:00]} 33. Qc3 {[%clk 0:04:57]}  Qxc3 {[%clk 0:00:44]} 34. Rxc3 {[%clk 0:05:26]}  Rxd5 {[%clk 0:01:06]} 35. Rc8+ {[%clk 0:03:45]}  Kg7 {[%clk 0:01:36]} 36. Rc6 {[%clk 0:03:22]}  Rb5 {[%clk 0:01:14]} 37. c3 {[%clk 0:02:50]}  a5 {[%clk 0:01:27]} 38. a4 {[%clk 0:03:16]}  Rb7 {[%clk 0:01:50]} 39. b5 {[%clk 0:03:25]}  Kf6 {[%clk 0:01:25]} 40. Ra6 {[%clk 0:03:08]}  Ke5 {[%clk 0:00:39]} 41. Rxa5 {[%clk 0:03:26]}  Kf4 {[%clk 0:16:06]} 42. c4 {[%clk 0:15:08]}  Kg3 {[%clk 0:11:16]} 43. Kc2 {[%clk 0:13:52]}  Kxg2 {[%clk 0:10:33]} 44. Ra8 {[%clk 0:13:43]}  Kxh3 {[%clk 0:10:14]} 45. a5 {[%clk 0:13:33]}  Rc7 {[%clk 0:05:04]} 46. Kb3 {[%clk 0:05:23]}  Kg2 {[%clk 0:02:58]} 47. Rh8 {[%clk 0:04:52]}  h3 {[%clk 0:03:06]} 48. b6 {[%clk 0:04:17]}  Rb7 {[%clk 0:03:23]} 49. Kb4 {[%clk 0:04:32]}  h2 {[%clk 0:03:07]} 50. Kb5 {[%clk 0:04:57]}  Rb8 {[%clk 0:02:35]} 51. Rxh2+ {[%clk 0:04:09]}  Kxh2 {[%clk 0:03:01]} 52. a6 {[%clk 0:04:36]}  e5 {[%clk 0:01:28]} 53. a7 {[%clk 0:04:44]} 1-0

[Event "45th FIDE Chess Olympiad Open"]
[Site "Budapest, Hungary"]
[Date "2024.09.19"]
[Round "8"]
[White "Kozak, Adam"]
[Black "Dardha, Daniel"]
[Result "1/2-1/2"]
[Board "77"]
[WhiteFideId "753246"]
[BlackFideId "240990"]
[WhiteTitle "GM"]
[BlackTitle "GM"]
[WhiteElo "2609"]
[BlackElo "2603"]
[WhiteTeam "Hungary B"]
[BlackTeam "Belgium"]
[WhiteClock "1:19:40"]
[BlackClock "0:58:41"]
[Variant "Standard"]

1. d4 {[%clk 1:30:57]}  Nf6 {[%clk 1:30:48]} 2. c4 {[%clk 1:31:18]}  e6 {[%clk 1:31:15]} 3. Nc3 {[%clk 1:31:38]}  Bb4 {[%clk 1:31:39]} 4. Qc2 {[%clk 1:32:03]}  d5 {[%clk 1:31:24]} 5. a3 {[%clk 1:32:25]}  Bxc3+ {[%clk 1:31:48]} 6. Qxc3 {[%clk 1:32:51]}  O-O {[%clk 1:31:29]} 7. Nf3 {[%clk 1:33:16]}  dxc4 {[%clk 1:31:26]} 8. Qxc4 {[%clk 1:33:38]}  b6 {[%clk 1:31:49]} 9. Bg5 {[%clk 1:33:59]}  Ba6 {[%clk 1:31:07]} 10. Qc1 {[%clk 1:34:22]}  Nbd7 {[%clk 1:25:47]} 11. e4 {[%clk 1:34:05]}  Qc8 {[%clk 1:19:31]} 12. Bxa6 {[%clk 1:32:54]}  Qxa6 {[%clk 1:19:53]} 13. Qc6 {[%clk 1:32:52]}  h6 {[%clk 1:15:42]} 14. Bxf6 {[%clk 1:33:10]}  Nxf6 {[%clk 1:16:06]} 15. O-O-O {[%clk 1:33:24]}  Rfd8 {[%clk 1:02:40]} 16. Kb1 {[%clk 1:33:24]}  Rac8 {[%clk 1:02:17]} 17. Rhe1 {[%clk 1:31:54]}  Rd6 {[%clk 0:58:19]} 18. Qc2 {[%clk 1:31:53]}  Rdd8 {[%clk 0:58:16]} 19. Qc6 {[%clk 1:31:59]}  Rd6 {[%clk 0:58:34]} 20. Qc2 {[%clk 1:31:57]}  Rdd8 {[%clk 0:58:55]} 21. Qc6 {[%clk 1:19:40]}  Rd6 {[%clk 0:58:41]} 1/2-1/2

[Event "45th FIDE Chess Olympiad Open"]
[Site "Budapest, Hungary"]
[Date "2024.09.19"]
[Round "8"]
[White "Vandenbussche, Thibaut"]
[Black "Banusz, Tamas"]
[Result "1-0"]
[Board "78"]
[WhiteFideId "204412"]
[BlackFideId "722413"]
[WhiteTitle "IM"]
[BlackTitle "GM"]
[WhiteElo "2461"]
[BlackElo "2605"]
[WhiteTeam "Belgium"]
[BlackTeam "Hungary B"]
[WhiteClock "0:04:43"]
[BlackClock "0:08:39"]
[Variant "Standard"]

1. e4 {[%clk 1:30:58]}  c5 {[%clk 1:30:53]} 2. Nf3 {[%clk 1:31:25]}  Nc6 {[%clk 1:31:17]} 3. Bb5 {[%clk 1:31:50]}  Nf6 {[%clk 1:31:40]} 4. Nc3 {[%clk 1:31:50]}  Qc7 {[%clk 1:32:03]} 5. O-O {[%clk 1:30:58]}  Nd4 {[%clk 1:31:57]} 6. Re1 {[%clk 1:30:15]}  e5 {[%clk 1:32:15]} 7. Nxd4 {[%clk 1:23:56]}  cxd4 {[%clk 1:32:05]} 8. Nd5 {[%clk 1:24:21]}  Nxd5 {[%clk 1:32:22]} 9. exd5 {[%clk 1:24:48]}  Bd6 {[%clk 1:32:24]} 10. c3 {[%clk 1:15:58]}  O-O {[%clk 1:31:29]} 11. cxd4 {[%clk 1:16:08]}  a6 {[%clk 1:31:33]} 12. Bd3 {[%clk 1:13:03]}  e4 {[%clk 1:31:47]} 13. Bxe4 {[%clk 1:08:11]}  Bxh2+ {[%clk 1:24:24]} 14. Kh1 {[%clk 1:08:36]}  f5 {[%clk 1:12:34]} 15. Bf3 {[%clk 1:01:56]}  Bf4 {[%clk 1:12:27]} 16. d3 {[%clk 0:58:38]}  Qd6 {[%clk 1:09:16]} 17. Kg1 {[%clk 0:48:04]}  a5 {[%clk 0:53:11]} 18. Qe2 {[%clk 0:44:35]}  Ra6 {[%clk 0:49:54]} 19. Bxf4 {[%clk 0:38:04]}  Qxf4 {[%clk 0:50:21]} 20. Rac1 {[%clk 0:38:30]}  Rh6 {[%clk 0:43:00]} 21. g3 {[%clk 0:38:52]}  Qg5 {[%clk 0:43:25]} 22. Qe7 {[%clk 0:37:33]}  Qxe7 {[%clk 0:26:11]} 23. Rxe7 {[%clk 0:38:01]}  f4 {[%clk 0:21:20]} 24. Rc7 {[%clk 0:34:59]}  fxg3 {[%clk 0:19:53]} 25. fxg3 {[%clk 0:35:24]}  Rg6 {[%clk 0:16:53]} 26. Kg2 {[%clk 0:35:12]}  Rgf6 {[%clk 0:16:04]} 27. Bg4 {[%clk 0:33:39]}  Rg6 {[%clk 0:12:07]} 28. Bxd7 {[%clk 0:28:22]}  Bxd7 {[%clk 0:12:32]} 29. Rcxd7 {[%clk 0:28:35]}  h5 {[%clk 0:12:58]} 30. Re6 {[%clk 0:27:06]}  Rg5 {[%clk 0:13:12]} 31. Re5 {[%clk 0:27:15]}  Rg4 {[%clk 0:13:39]} 32. Rxh5 {[%clk 0:17:47]}  Rxd4 {[%clk 0:14:03]} 33. Rxb7 {[%clk 0:14:40]}  Rxd3 {[%clk 0:14:29]} 34. d6 {[%clk 0:09:17]}  a4 {[%clk 0:14:56]} 35. Ra5 {[%clk 0:07:58]}  Rff3 {[%clk 0:11:35]} 36. Rg5 {[%clk 0:04:43]}  Rf7 {[%clk 0:11:59]} 37. Rb8+ {[%clk 0:04:28]}  Rf8 {[%clk 0:10:36]} 38. Rb7 {[%clk 0:04:45]}  Rf7 {[%clk 0:11:02]} 39. Rb8+ {[%clk 0:05:08]}  Rf8 {[%clk 0:11:31]} 40. Rb6 {[%clk 0:02:53]}  Rf6 {[%clk 0:09:54]} 41. a3 {[%clk 0:26:51]}  Rd2+ {[%clk 0:34:52]} 42. Kh3 {[%clk 0:27:11]}  Rfxd6 {[%clk 0:34:26]} 43. Rxd6 {[%clk 0:26:00]}  Rxd6 {[%clk 0:34:55]} 44. Rb5 {[%clk 0:26:18]}  Rd2 {[%clk 0:34:55]} 45. Rb7 {[%clk 0:23:59]}  Kh7 {[%clk 0:33:57]} 46. Kg4 {[%clk 0:23:21]}  Rf2 {[%clk 0:31:06]} 47. Kg5 {[%clk 0:22:14]}  Rf3 {[%clk 0:31:08]} 48. Kg4 {[%clk 0:20:18]}  Rf2 {[%clk 0:31:33]} 49. Rb6 {[%clk 0:20:13]}  g6 {[%clk 0:31:17]} 50. Kg5 {[%clk 0:20:00]}  Rf5+ {[%clk 0:31:43]} 51. Kh4 {[%clk 0:20:26]}  Rh5+ {[%clk 0:30:28]} 52. Kg4 {[%clk 0:20:37]}  Kh6 {[%clk 0:27:28]} 53. Rb8 {[%clk 0:14:09]}  Rg5+ {[%clk 0:21:12]} 54. Kf3 {[%clk 0:13:22]}  Rf5+ {[%clk 0:21:39]} 55. Kg2 {[%clk 0:13:35]}  Rd5 {[%clk 0:21:13]} 56. Rb4 {[%clk 0:13:53]}  Kh5 {[%clk 0:20:05]} 57. Kf3 {[%clk 0:13:28]}  Rd3+ {[%clk 0:20:18]} 58. Kf2 {[%clk 0:13:07]}  g5 {[%clk 0:19:25]} 59. Rxa4 {[%clk 0:06:39]}  Rd2+ {[%clk 0:19:48]} 60. Ke3 {[%clk 0:04:59]}  Rxb2 {[%clk 0:20:17]} 61. Rb4 {[%clk 0:05:15]}  Ra2 {[%clk 0:17:57]} 62. g4+ {[%clk 0:05:18]}  Kh4 {[%clk 0:17:56]} 63. a4 {[%clk 0:05:38]}  Kg3 {[%clk 0:13:22]} 64. Kd3 {[%clk 0:05:57]}  Kf3 {[%clk 0:07:49]} 65. Kc3 {[%clk 0:06:18]}  Re2 {[%clk 0:07:01]} 66. Kb3 {[%clk 0:04:58]}  Re3+ {[%clk 0:06:48]} 67. Kb2 {[%clk 0:05:23]}  Re2+ {[%clk 0:06:33]} 68. Ka3 {[%clk 0:05:43]}  Re1 {[%clk 0:06:50]} 69. Rc4 {[%clk 0:05:40]}  Ke3 {[%clk 0:07:18]} 70. Kb4 {[%clk 0:05:30]}  Kd3 {[%clk 0:07:34]} 71. Kb5 {[%clk 0:05:27]}  Re8 {[%clk 0:07:26]} 72. Rc5 {[%clk 0:04:35]}  Rb8+ {[%clk 0:07:55]} 73. Ka5 {[%clk 0:03:54]}  Kd4 {[%clk 0:08:07]} 74. Rb5 {[%clk 0:04:09]}  Rg8 {[%clk 0:07:56]} 75. Kb4 {[%clk 0:04:19]}  Ke3 {[%clk 0:07:34]} 76. Rf5 {[%clk 0:04:13]}  Re8 {[%clk 0:07:34]} 77. Rxg5 {[%clk 0:04:25]}  Kf4 {[%clk 0:08:03]} 78. Rg6 {[%clk 0:04:16]}  Rb8+ {[%clk 0:08:02]} 79. Kc5 {[%clk 0:04:36]}  Ra8 {[%clk 0:08:12]} 80. Kb5 {[%clk 0:05:03]}  Rb8+ {[%clk 0:08:39]} 81. Rb6 {[%clk 0:04:43]} 1-0

[Event "45th FIDE Chess Olympiad Open"]
[Site "Budapest, Hungary"]
[Date "2024.09.19"]
[Round "8"]
[White "Prohaszka, Peter"]
[Black "Hovhannisyan, Mher"]
[Result "1-0"]
[Board "79"]
[WhiteFideId "726265"]
[BlackFideId "13300865"]
[WhiteTitle "GM"]
[BlackTitle "GM"]
[WhiteElo "2542"]
[BlackElo "2414"]
[WhiteTeam "Hungary B"]
[BlackTeam "Belgium"]
[WhiteClock "0:02:13"]
[BlackClock "0:00:32"]
[Variant "Standard"]

1. d4 {[%clk 1:30:57]}  d5 {[%clk 1:30:42]} 2. c4 {[%clk 1:31:15]}  e6 {[%clk 1:31:03]} 3. Nc3 {[%clk 1:31:17]}  a6 {[%clk 1:22:58]} 4. cxd5 {[%clk 1:30:51]}  exd5 {[%clk 1:23:22]} 5. Bf4 {[%clk 1:31:09]}  Nf6 {[%clk 1:23:23]} 6. e3 {[%clk 1:31:13]}  Bd6 {[%clk 1:23:16]} 7. Bg5 {[%clk 1:30:57]}  Be6 {[%clk 1:21:08]} 8. Bd3 {[%clk 1:31:17]}  Nbd7 {[%clk 1:19:21]} 9. f4 {[%clk 1:30:36]}  h6 {[%clk 1:11:34]} 10. Bh4 {[%clk 1:30:45]}  g5 {[%clk 0:56:23]} 11. fxg5 {[%clk 1:31:02]}  Ng4 {[%clk 0:43:27]} 12. Nf3 {[%clk 1:29:12]}  Be7 {[%clk 0:40:42]} 13. Qe2 {[%clk 1:28:15]}  hxg5 {[%clk 0:39:13]} 14. Bg3 {[%clk 1:26:53]}  Nb6 {[%clk 0:28:27]} 15. O-O-O {[%clk 1:09:24]}  Bb4 {[%clk 0:25:30]} 16. Kb1 {[%clk 0:41:22]}  Bxc3 {[%clk 0:24:34]} 17. bxc3 {[%clk 0:41:13]}  Qe7 {[%clk 0:24:09]} 18. Ka1 {[%clk 0:38:11]}  Nh6 {[%clk 0:10:53]} 19. h4 {[%clk 0:31:33]}  g4 {[%clk 0:08:47]} 20. Ne5 {[%clk 0:28:10]}  Bf5 {[%clk 0:05:37]} 21. Rdf1 {[%clk 0:24:07]}  Bxd3 {[%clk 0:05:43]} 22. Qxd3 {[%clk 0:24:26]}  O-O-O {[%clk 0:02:41]} 23. Bf4 {[%clk 0:23:56]}  Nd7 {[%clk 0:01:19]} 24. Nc6 {[%clk 0:22:42]}  Qe6 {[%clk 0:00:57]} 25. Nxd8 {[%clk 0:22:50]}  Kxd8 {[%clk 0:01:11]} 26. Bg5+ {[%clk 0:20:49]}  Kc8 {[%clk 0:01:13]} 27. Bxh6 {[%clk 0:18:44]}  Rxh6 {[%clk 0:01:26]} 28. Rf4 {[%clk 0:19:09]}  f6 {[%clk 0:00:54]} 29. e4 {[%clk 0:16:56]}  Kb8 {[%clk 0:01:07]} 30. g3 {[%clk 0:15:05]}  Nb6 {[%clk 0:01:14]} 31. Rb1 {[%clk 0:14:41]}  Rh5 {[%clk 0:01:13]} 32. Rbf1 {[%clk 0:11:47]}  dxe4 {[%clk 0:01:18]} 33. Rxe4 {[%clk 0:11:50]}  Qd6 {[%clk 0:01:26]} 34. c4 {[%clk 0:07:05]}  Ra5 {[%clk 0:01:44]} 35. Rb1 {[%clk 0:07:15]}  Qc6 {[%clk 0:00:45]} 36. d5 {[%clk 0:04:53]}  Qc5 {[%clk 0:00:39]} 37. Qd4 {[%clk 0:02:18]}  Qa3 {[%clk 0:00:51]} 38. Re2 {[%clk 0:02:20]}  Ra4 {[%clk 0:00:40]} 39. d6 {[%clk 0:01:50]}  Nxc4 {[%clk 0:00:32]} 40. Re8# {[%clk 0:02:13]} 1-0

[Event "45th FIDE Chess Olympiad Open"]
[Site "Budapest, Hungary"]
[Date "2024.09.19"]
[Round "8"]
[White "Lenaerts, Lennert"]
[Black "Papp, Gabor"]
[Result "1/2-1/2"]
[Board "80"]
[WhiteFideId "211435"]
[BlackFideId "718602"]
[WhiteTitle "FM"]
[BlackTitle "GM"]
[WhiteElo "2300"]
[BlackElo "2550"]
[WhiteTeam "Belgium"]
[BlackTeam "Hungary B"]
[WhiteClock "0:23:48"]
[BlackClock "0:05:10"]
[Variant "Standard"]

1. e4 {[%clk 1:30:57]}  c5 {[%clk 1:30:49]} 2. Nf3 {[%clk 1:31:18]}  e6 {[%clk 1:31:06]} 3. g3 {[%clk 1:30:00]}  Nc6 {[%clk 1:31:11]} 4. Bg2 {[%clk 1:30:22]}  Nf6 {[%clk 1:31:10]} 5. Qe2 {[%clk 1:29:45]}  e5 {[%clk 1:31:07]} 6. O-O {[%clk 1:22:31]}  Be7 {[%clk 1:30:30]} 7. Nc3 {[%clk 1:20:16]}  d6 {[%clk 1:28:33]} 8. Nd5 {[%clk 1:20:43]}  h6 {[%clk 1:21:38]} 9. c3 {[%clk 1:19:51]}  O-O {[%clk 1:16:30]} 10. Ne1 {[%clk 1:13:53]}  Nxd5 {[%clk 1:10:49]} 11. exd5 {[%clk 1:14:17]}  Nb8 {[%clk 1:11:16]} 12. d4 {[%clk 1:06:37]}  cxd4 {[%clk 1:07:37]} 13. cxd4 {[%clk 1:05:32]}  exd4 {[%clk 1:08:02]} 14. b3 {[%clk 1:05:37]}  Bf6 {[%clk 1:03:09]} 15. Bb2 {[%clk 1:02:58]}  b6 {[%clk 0:55:12]} 16. Qd2 {[%clk 0:59:59]}  Ba6 {[%clk 0:49:56]} 17. Nd3 {[%clk 1:00:20]}  Nd7 {[%clk 0:50:15]} 18. Rfe1 {[%clk 0:54:51]}  Bxd3 {[%clk 0:44:54]} 19. Qxd3 {[%clk 0:54:49]}  Nc5 {[%clk 0:43:46]} 20. Qd2 {[%clk 0:55:02]}  a5 {[%clk 0:44:11]} 21. Bxd4 {[%clk 0:55:25]}  Bxd4 {[%clk 0:44:17]} 22. Qxd4 {[%clk 0:55:53]}  Qd7 {[%clk 0:43:53]} 23. Re3 {[%clk 0:53:20]}  Rfe8 {[%clk 0:44:16]} 24. Rae1 {[%clk 0:50:09]}  Kf8 {[%clk 0:42:56]} 25. Bf1 {[%clk 0:50:21]}  Rxe3 {[%clk 0:39:23]} 26. Rxe3 {[%clk 0:48:16]}  Re8 {[%clk 0:38:48]} 27. a3 {[%clk 0:33:19]}  Rxe3 {[%clk 0:32:59]} 28. Qxe3 {[%clk 0:30:46]}  Qe7 {[%clk 0:33:15]} 29. Qc3 {[%clk 0:30:57]}  Qe5 {[%clk 0:30:45]} 30. Qc4 {[%clk 0:31:09]}  Ke7 {[%clk 0:12:32]} 31. b4 {[%clk 0:30:22]}  axb4 {[%clk 0:12:57]} 32. axb4 {[%clk 0:30:50]}  Nd7 {[%clk 0:13:23]} 33. f4 {[%clk 0:26:07]}  Qe3+ {[%clk 0:13:00]} 34. Kg2 {[%clk 0:26:28]}  Kd8 {[%clk 0:10:57]} 35. Qc6 {[%clk 0:22:03]}  Qe4+ {[%clk 0:07:26]} 36. Kh3 {[%clk 0:22:25]}  Qf5+ {[%clk 0:07:48]} 37. Kg2 {[%clk 0:22:33]}  Qe4+ {[%clk 0:08:07]} 38. Kh3 {[%clk 0:22:59]}  Qf5+ {[%clk 0:04:49]} 39. Kg2 {[%clk 0:23:23]}  Qe4+ {[%clk 0:05:10]} 40. Kh3 {[%clk 0:23:48]} 1/2-1/2